| 000 | 01040nam a22003017a 4500 | ||
|---|---|---|---|
| 003 | CHAP | ||
| 005 | 20220329135348.0 | ||
| 008 | 971013s1964 r 00010 d | ||
| 010 | _a35059 | ||
| 011 | _a36031 | ||
| 035 | _a40150 | ||
| 040 | _cCHAP | ||
| 090 | _aFolleto 2280 (1964) | ||
| 110 |
_aMéxico. Leyes, decretos, etc. _977071 |
||
| 245 | _aLey reglamentaria de los artículos 4o. y 5o. constitucionales relativos al ejercicio de las profesiones en el Distrito y Territorios Federales y reglamento correspondiente | ||
| 250 | _a3 ed. | ||
| 260 |
_aMéxico, D.F. : _bAndrade, _c1964 |
||
| 300 | _apág. varía | ||
| 590 |
_aBATCH-UPD _b10 _c20130110 _lUCH01 _h0928 |
||
| 590 |
_aBATCH-UPD _b10 _c20130410 _lUCH01 _h0548 |
||
| 590 |
_aBATCH-UPD _b10 _c20130914 _lUCH01 _h1824 |
||
| 590 |
_aCONVERSION _b10 _c20130109 _lUCH01 _h1320 |
||
| 650 | 1 | 4 |
_aMéxico _xConstitución. _976735 |
| 650 | 1 | 4 |
_aProfesionales _xLeyes. _992236 |
| 901 | _aBK | ||
| 942 | _cFOLL | ||
| 949 |
_aFolleto 2280 (1964) _bBC _cFOLL _d-91726 _eTS1 _i40150 _si _t25.00 |
||
| 999 |
_c35059 _d35059 |
||